| Поле | Инд. | ПП | Название | Значение |
|---|---|---|---|---|
| Тип записи | a | |||
| Библиографический уровень | b | |||
| 001 | Контрольный номер | RU/IS/BASE/290084113 | ||
| 005 | Дата корректировки | 20200522191310.7 | ||
| 008 | Кодируемые данные | 20090311 | ||
| 040 | b | Код языка каталог. | rus | |
| e | Правила каталог. | PSBO | ||
| 041 | 0_ | a | Код языка текста | rus |
| 084 | a | Индекс другой классификации/Индекс ББК | 83.3(4Ирл)6; 83г(4Вел)5 | |
| 100 | 1_ | a | Автор | Протопопова Д. А. |
| 245 | 10 | a | Заглавие | Ответ Джеймса Джойса на трактовку "Гамлета" в романтической критике и в трудах по психоанализу: "лекция" Стивена о Шекспире |
| b | Продолж. заглавия | ("Улисс", 9 эпизод) | ||
| 504 | a | Библиография | Библиогр. - Примеч.: с. 147 - 148 | |
| 600 | 14 | a | Персоналии | Колридж Сэмюэл Тейлор |
| a | Персоналии | Джойс Джеймс | ||
| a | Персоналии | Шекспир Уильям | ||
| a | Персоналии | Хэзлитт Уильям | ||
| 650 | 04 | a | Основная рубрика | история литературы |
| a | Основная рубрика | литературная критика | ||
| a | Основная рубрика | литературоведение | ||
| a | Основная рубрика | филологические науки | ||
| 653 | 0_ | a | Ключевые слова | "Гамлет" |
| a | Ключевые слова | "Улисс" | ||
| a | Ключевые слова | XIX век | ||
| a | Ключевые слова | XX век | ||
| a | Ключевые слова | Великобритания | ||
| a | Ключевые слова | Ирландия | ||
| a | Ключевые слова | романтизм | ||
| a | Ключевые слова | Стивен | ||
| 773 | 08 | t | Заглавие источника | Вестник Московского университета. Серия 9, Филология |
| d | Дата издания источника | 2008 | ||
| g | Прочая информация | № 5. - С. 141 - 148 | ||
| w | Контрольный № источника | RU/IS/BASE/288361571 | ||
| 901 | t | Тип документа | b |